000
00304nam a2200133Ia 4500
100
_a
Murphy James
942
_c
BK
654
_a
Thread production
245
_a
Screw Thread Production Vol. I
260
_b
Machinery Publication & co
_a
London
082
_a
621.882
300
_a
154
546
_a
ENGLISH
999
_c
31522
_d
31522